Dr. S. R. Lasker Library Online Catalogue

Home      Library Home      Institutional Repository      E-Resources      MyAthens      EWU Home

Children and youth in America: (Record no. 2963)

MARC details
000 -LEADER
fixed length control field 02395cam a2200337 4500
001 - CONTROL NUMBER
control field 2963
003 - CONTROL NUMBER IDENTIFIER
control field BD-DhEWU
005 - DATE AND TIME OF LATEST TRANSACTION
control field 20140812164059.0
008 - FIXED-LENGTH DATA ELEMENTS--GENERAL INFORMATION
fixed length control field 700105m19701974mauagh g b 001 0 eng
020 ## - INTERNATIONAL STANDARD BOOK NUMBER
International Standard Book Number 0674116100
035 ## - SYSTEM CONTROL NUMBER
System control number (OCoLC)117145
040 ## - CATALOGING SOURCE
Original cataloging agency DLC
Transcribing agency DLC
Modifying agency DLC
-- BD-DhEWU
Language of cataloging eng
041 ## - LANGUAGE CODE
Language code of text/sound track or separate title eng
050 00 - LIBRARY OF CONGRESS CALL NUMBER
Classification number HV741
Item number .B77
082 04 - DEWEY DECIMAL CLASSIFICATION NUMBER
Classification number 305.230973
Item number CHI 1970
100 1# - MAIN ENTRY--PERSONAL NAME
Personal name Bremner, Robert H.
Fuller form of name (Robert Hamlett),
9 (RLIN) 17289
245 10 - TITLE STATEMENT
Title Children and youth in America:
Remainder of title a documentary history.
Statement of responsibility, etc Editor, Robert H. Bremner; associate editors, John Barnard, Tamara K. Hareven [and] Robert M. Mennel.
260 ## - PUBLICATION, DISTRIBUTION, ETC. (IMPRINT)
Place of publication, distribution, etc Cambridge, Mass.,
Name of publisher, distributor, etc Harvard University Press,
Date of publication, distribution, etc 1970.
300 ## - PHYSICAL DESCRIPTION
Extent 3 v. in 5.
Other physical details illus., facsims., music.
Dimensions 27 cm.
500 ## - GENERAL NOTE
General note Online version:<br/>Bremner, Robert Hamlett, 1917-<br/>Children and youth in America.<br/>Cambridge, Mass., Harvard University Press, 1970-74<br/>(OCoLC)556610294
504 ## - BIBLIOGRAPHY, ETC. NOTE
Bibliography, etc Includes bibliographies.
505 1# - FORMATTED CONTENTS NOTE
Formatted contents note v. 1. 1600-1865.--v. 2. 1866-1932. 2 v. --v. 3. 1933-1973. 2 v. VOLUME ONE: 1600-1865 --<br/>Part One: Children and Youth in Colonial America, 1600-1735 --<br/>Part Two: Children and Youth in the Age of Voluntarism and Self-Help, 1735-1820 --<br/>Part Three: The American Child 1820-1865 --<br/>VOLUME TWO: 1866-1932 --<br/>Part One: The Social and Cultural Background --<br/>Part Two: The Legal Status of Children and Protection against Cruelty and Immorality --<br/>Part Three: Care of Dependent Children --<br/>Part Four: Juvenile Delinquency --<br/>Part Five: Child Labor --<br/>Part Six: Administration of Child Welfare Services --<br/>Part Seven: Child Health --<br/>Part Eight: Education --<br/>VOLUME THREE: 1933-1973 --<br/>Part One: Young America --<br/>Part Two: Child Labor and Youth Employment --<br/>Part Three: Aid to Dependent Children and Child Welfare Services --<br/>Part Four: Child Protection and Family Planning --<br/>Part Five: Juvenile Delinquency --<br/>Part Six: Health Care for Children and Youth --<br/>Part Seven: Education.
Title TOC
526 ## - STUDY PROGRAM INFORMATION NOTE
Program name MPRHGD
590 ## - LOCAL NOTE (RLIN)
Local note Shaharima Parvin
650 #0 - SUBJECT ADDED ENTRY--TOPICAL TERM
Topical term or geographic name as entry element Child welfare
Geographic subdivision United States
General subdivision History.
9 (RLIN) 17290
Topical term or geographic name as entry element Children
Geographic subdivision United States
General subdivision History.
9 (RLIN) 17291
Topical term or geographic name as entry element Youth
Geographic subdivision United States
General subdivision History.
9 (RLIN) 17292
856 ## - ELECTRONIC LOCATION AND ACCESS
Materials specified WorldCat details
Uniform Resource Identifier http://www.worldcat.org/title/children-and-youth-in-america-a-documentary-history/oclc/117145&referer=brief_results
942 ## - ADDED ENTRY ELEMENTS (KOHA)
Source of classification or shelving scheme Dewey Decimal Classification
Koha item type Ref.
Holdings
Withdrawn status Lost status Source of classification or shelving scheme Materials specified (bound volume or other part) Damaged status Not for loan Collection code Home library Current library Shelving location Date acquired Total Checkouts Full call number Barcode Copy number Koha item type Date last seen Price effective from
    Dewey Decimal Classification V-I   Not For Loan Non-fiction Dr. S. R. Lasker Library, EWU Dr. S. R. Lasker Library, EWU Reference Section 26/04/1998   305.230973 CHI 1970 3682 C-1 Ref.    
    Dewey Decimal Classification V-II   Not For Loan Reference Dr. S. R. Lasker Library, EWU Dr. S. R. Lasker Library, EWU Reference Section 12/08/2014   305.230973 CHI 1970 3083 C-1 Ref. 12/08/2014 12/08/2014
    Dewey Decimal Classification V-III   Not For Loan Reference Dr. S. R. Lasker Library, EWU Dr. S. R. Lasker Library, EWU Reference Section 12/08/2014   305.230973 CHI 1970 3084 C-1 Ref. 12/08/2014 12/08/2014